ბათუმის შოთა რუსთაველის სახელმწიფო უნივერსიტეტის ბიბლიოთეკა

ჩანაწერი Personal Name

ჩანაწერთა რაოდენობა, რომელიც გამოყენებულია: 1

001 - CONTROL NUMBER

  • control field: 5545

003 - CONTROL NUMBER IDENTIFIER

  • control field: GE_BSU

005 - DATE AND TIME OF LATEST TRANSACTION

  • control field: 20191122165001.0

008 - FIXED-LENGTH DATA ELEMENTS

  • fixed length control field: 191122|| aca||aabn | a|a d

040 ## - CATALOGING SOURCE

  • Original cataloging agency: GE_BSU
  • Transcribing agency: GE_BSU

100 ## - HEADING--PERSONAL NAME

  • Personal name: გამსახურდია,კონსტანტინე.

670 ## - SOURCE DATA FOUND

  • Source citation: Work cat.: (GE_BSU)40041: გამსახურდია,კონსტანტინე., თხზულებანი ტომი მეათე :